Software engineering : (Record no. 134892)
[ view plain ]
| 000 -LEADER | |
|---|---|
| fixed length control field | 00751nam a22002417a 4500 |
| 005 - DATE AND TIME OF LATEST TRANSACTION | |
| control field | 20170124110236.0 |
| 010 ## - LIBRARY OF CONGRESS CONTROL NUMBER | |
| LC control number | B-062930 |
| 020 ## - INTERNATIONAL STANDARD BOOK NUMBER | |
| Terms of availability | 00.00 |
| International Standard Book Number | 978007184588 |
| 035 ## - SYSTEM CONTROL NUMBER | |
| System control number | B-062930 |
| 037 ## - SOURCE OF ACQUISITION | |
| Source of stock number/acquisition | Cen Lib/Ret |
| 040 ## - CATALOGING SOURCE | |
| Original cataloging agency | DPL |
| Language of cataloging | EN |
| 082 ## - DEWEY DECIMAL CLASSIFICATION NUMBER | |
| Classification number | 005.1 |
| Item number | PRE |
| 100 ## - MAIN ENTRY--PERSONAL NAME | |
| Personal name | Pressman, Roger S. |
| 9 (RLIN) | 42079 |
| 245 ## - TITLE STATEMENT | |
| Title | Software engineering : |
| Statement of responsibility, etc | by Roger S. Pressman |
| Remainder of title | a practitioner's approach / |
| 250 ## - EDITION STATEMENT | |
| Edition statement | 5th ed |
| 260 ## - PUBLICATION, DISTRIBUTION, ETC. (IMPRINT) | |
| Place of publication, distribution, etc | New Delhi |
| Name of publisher, distributor, etc | Tata McGraw Hill Publishing Company |
| Date of publication, distribution, etc | 2001 |
| 270 ## - ADDRESS | |
| City | New Delhi |
| Address | 7 West Patel Nagar |
| Postal code | 110008 |
| 300 ## - PHYSICAL DESCRIPTION | |
| Extent | xxvii,560p. |
| Dimensions | 22cm(pbk) |
| 500 ## - GENERAL NOTE | |
| General note | Includes index |
| 650 ## - SUBJECT ADDED ENTRY--TOPICAL TERM | |
| Topical term or geographic name as entry element | Computer sceince |
| 9 (RLIN) | 106004 |
| 650 ## - SUBJECT ADDED ENTRY--TOPICAL TERM | |
| Topical term or geographic name as entry element | Computer engineering |
| General subdivision | |
| 9 (RLIN) | 42081 |
| 942 ## - ADDED ENTRY ELEMENTS (KOHA) | |
| Source of classification or shelving scheme | Dewey Decimal Classification |
| Koha item type | English Books |
| Classification part | 005.1 |
| Call number suffix | PRE |
| Withdrawn status | Lost status | Damaged status | Not for loan | Home library | Current library | Date acquired | Source of acquisition | Cost, normal purchase price | Total Checkouts | Full call number | Barcode | Date last seen | Copy number | Cost, replacement price | Price effective from | Koha item type |
|---|---|---|---|---|---|---|---|---|---|---|---|---|---|---|---|---|
| Central Library | Central Library | 31/07/2015 | Cen Lib/Ret | 0.00 | 005.1 PRE | B-062930 | 31/07/2015 | 1 | 0.00 | 31/07/2015 | English Books |
